"Aber als Maler werde ich etwas erreichen"

Titel: "Aber als Maler werde ich etwas erreichen" : Adalbert Stifters alternativer Karriereplan / Elke Doppler
Verfasser:
In: Stifters Welten, Veranstaltung (3. : 2016 : Wien): Stifters Welten 3: Wien, Stifters Welten 4: Linz, (2018), Seite 71-87
alle Artikel anzeigen Adalbert-Stifter-Institut des Landes Oberösterreich: Jahrbuch, (2018), Seite 71-87
alle Artikel anzeigen
Veröffentlicht: 2018
Format: Aufsatz
Sprache: Deutsch
Schlagworte:
Kein Bild verfügbar
X
alg: 44569856
001A    $04504:28-02-19 
001B    $03025:28-05-25 $t10:47:07.000 
001D    $04504:28-02-19 
001U    $0utf8 
001X    $00 
002@    $0Aou 
002C    $aText $btxt $2rdacontent 
002D    $aohne Hilfsmittel zu benutzen $bn $2rdamedia 
002E    $aBand $bnc $2rdacarrier 
003@    $044569856X 
007A    $044569856X $aHEB 
010@    $ager 
010E    $erda 
011@    $a2018 
021A    $a"Aber als Maler werde ich etwas erreichen" $dAdalbert Stifters alternativer Karriereplan $hElke Doppler 
028A    $BVerfasser $4aut $7121761622 $8Doppler, Elke [Tp3] $9153071796 
031A    $h71-87 $j2018 
039B    $aEnthalten in $8--Aau--Stifters Welten$gVeranstaltung$n3.$d2016$cWien [Tf1]. Stifters Welten 3: Wien, Stifters Welten 4: Linz. - Linz : StifterHaus, 2018. - 301 Seiten. - Illustrationen. - ISBN 978-3-902740-21-2 $x201800000000000929 $9445685476 
039B    $aEnthalten in $8--Abvc--Adalbert-Stifter-Institut des Landes Oberösterreich [Tb1]. Jahrbuch. - Linz : Adalbert-Stifter-Institut des Landes Oberösterreich, 1994- $9048658731 
044K    $RMohaupt, Amalia $RStifter, Augustin $RFriepes, Magdalena $#Stifter, Adalbert $#Stifter, Adalberto $#Stifter, Ad. $#Stifter, ... $#Shutifutā, Ādaruberuto $#Shutifutâ, ... $#Shuteifutô, ... $#Stiphter, Antalmpert $#Štifter, Adal'bert $#Stifter, Adelbert $#Stifter, Albert $#Stifter, A. $#Stifter, Aldabert $#Ostade $#슈티프터, 아달베르트 $#アーダルベルト・シュティフター $7118618156 $8Stifter, Adalbert$Z1805-1868 [Tp1] $9086959107 
044K    $RGemälde $RMalen $RKunstgattung $#Painting $#Peinture $#Pittura $#Pintura $#Paintings $#Holztafelmalerei $#Tafelbild Malerei $#Tafelmalerei $74037220-0 $8Malerei [Tsz] $9085101273 
045V    $aStifter, Adalbert $815.15.00$jZu einzelnen Autoren [Tkx] $9118843672 

lok: 44569856 62

exp: 44569856 62 1 #EPN
201B/01 $028-02-19 $t23:17:13.000 
201C/01 $028-02-19 
203@/01 $01046855131 
208@/01 $a28-02-19 $be 
209A/01 $a/ $f000 $x00 
209B/01 $a2019 $x05 
247C/01 $8Frankfurt, Bibliographie der Deutschen Sprach- und Literaturwissenschaft $9113214561 
201U/01 $0utf8 

lok: 44569856 78

exp: 44569856 78 1 #EPN
201B/01 $028-05-25 $t10:47:07.000 
201C/01 $028-05-25 
201U/01 $0utf8 
203@/01 $01304962598 
208@/01 $a28-05-25 $be 
209A/01 $a/ $f000 $x00 
209A/01 $ab*p $x01 
220C/01 $apgar 
244Z/01 $#Böhmische Kronländer $#Länder der Böhmischen Krone $#Sudetenland $#Böhmen $#Mähren $#Mährisch-Schlesien $#Österreichisch-Schlesien $#Tschechische Sozialistische Republik Böhmische Länder $#Tschechei Böhmische Länder $#Země koruny české $74069573-6 $8--Tg1--Böhmische Länder $x03 $9085195553 
247C/01 $82080>Marburg/Lahn, Herder-Institut, Forschungsbibliothek, Bibliographieportal $9336309341
LEADER 00000caa a2200000 c 4500
001 44569856X
003 DE-603
005 20250528104707.0
007 tu
008 190228s2018 xx |||| | u00||u|ger c
035 |a (DE-599)HEB44569856X 
040 |a DE-603  |b ger  |c DE-603  |d DE-603  |e rda 
041 |a ger 
100 1 |a Doppler, Elke  |e Verfasser  |4 aut  |0 (DE-603)153071796  |0 (DE-588)121761622  |2 gnd 
245 0 0 |a "Aber als Maler werde ich etwas erreichen"  |b Adalbert Stifters alternativer Karriereplan  |c Elke Doppler 
264 0 |c 2018 
336 |a Text  |b txt  |2 rdacontent 
337 |a ohne Hilfsmittel zu benutzen  |b n  |2 rdamedia 
338 |a Band  |b nc  |2 rdacarrier 
600 1 7 |a Stifter, Adalbert  |d 1805-1868  |0 (DE-588)118618156  |0 (DE-603)086959107  |2 gnd 
650 7 |a Malerei  |0 (DE-588)4037220-0  |0 (DE-603)085101273  |2 gnd 
773 0 8 |i Enthalten in  |a Stifters Welten, Veranstaltung (3. : 2016 : Wien)  |t Stifters Welten 3: Wien, Stifters Welten 4: Linz  |d Linz : StifterHaus, 2018  |h 301 Seiten, Illustrationen  |z 9783902740212  |g (2018), Seite 71-87  |w (DE-603)445685476 
773 0 8 |i Enthalten in  |a Adalbert-Stifter-Institut des Landes Oberösterreich  |t Jahrbuch  |d Linz : Adalbert-Stifter-Institut des Landes Oberösterreich, 1994-  |h 25 cm  |g (2018), Seite 71-87  |w (DE-603)048658731  |w (DE-600)1227563-3 
924 0 |9 603  |a (DE-603)1046855131  |b DE-603  |c HES  |d d 
924 0 |9 2080  |a (DE-603)1304962598  |b DE-2080  |c HES  |d d  |g /